000 00712nam a2200265Ia 4500
003 OSt
005 20221006144511.0
006 a|||||r|||| 00| 0
007 ta
008 221006b |||||||| |||| 00| 0 chi d
020 _a9787532603701
_cYu 20.00
024 _a11,832
037 _bGift, PRC
_cTextual
040 _aEASL
_cEASL
_bchi
041 _2chi
_achi
082 _aP41,4, N6
100 _aWANG Dechun Ed.
_9652143
245 0 _aXin Guan yong yu cidian
260 _aShanghai
_bShanghai Cishu Chubanshe China
_c1996
300 _a471p.
_ccm.
490 _v CL
650 _aCL
_9642733
942 _hP41,4, N6
_cTEXL
_2CC
999 _c1079918
_d1079918